| 000 | 00610nam a2200181 4500 | ||
|---|---|---|---|
| 001 | 138873 | ||
| 003 | ES-MaACL | ||
| 005 | 20230906195645.0 | ||
| 007 | t| | ||
| 008 | 070214s1974 sp r ||||1| spa d | ||
| 100 | 1 |
_aSanz Ferrer, Ricardo. _9103639 |
|
| 245 | 1 | 0 |
_aTeoría estática y dinámica de la demanda _b: una aplicación al consumo privado español / _cRicardo Sanz Ferrer. |
| 250 | _a1ª. ed. | ||
| 260 |
_aMadrid : _bInstituto de Estudios Económicos, _c1974. |
||
| 300 |
_a230 p. ; _c20 cm. |
||
| 710 | 0 | 0 |
_aInstituto de Estudios Económicos (Madrid) _94899 |
| 852 |
_aES-MaACL _jE-7344 _bR.91713 |
||
| 999 |
_c138873 _d138873 |
||